[Event "RUS-ch Silent (Women)"]
[Site "Zelenograd"]
[Date "2018.11.02"]
[Round "10"]
[White "Panina, Valeria"]
[Black "Balakhieva, Klavdia"]
[Result "1-0"]
[WhiteElo "1743"]
[BlackElo "1399"]
[PlyCount "117"]
[EventDate "2018.10.25"]
[EventType "tourn"]
[EventRounds "11"]
[EventCountry "RUS"]
[SourceTitle "EXT 2020"]
[Source "ChessBase"]
[SourceDate "2019.10.17"]
[SourceVersion "1"]
[SourceVersionDate "2019.10.17"]
[SourceQuality "1"]

1. e4 e5 2. Nf3 Nc6 3. d4 Bd6 4. c4 Bb4+ 5. Bd2 Qe7 6. Bxb4 Qxb4+ 7. Qd2 Qxd2+ 8. Nbxd2 exd4 9. Nb3 Nb4 10. Nbxd4 Nf6 11. e5 Ne4 12. a3 Na6 13. Bd3 Nec5 14. Bc2 0-0 15. 0-0-0 Re8 16. h3 g6 17. Rhe1 Ne6 18. Nxe6 Rxe6 19. Ng5 Rc6 20. b3 Nc5 21. Kb2 a6 22. b4 Rb6 23. Kc3 Ne6 24. Ne4 Kh8 25. Nf6 a5 26. Nxd7 Bxd7 27. Rxd7 axb4+ 28. axb4 Ra3+ 29. Bb3 Nc5 30. bxc5 Rbxb3+ 31. Kc2 Rc3+ 32. Kd2 Rxc4 33. Rxf7 Rd4+ 34. Ke2 Re4+ 35. Kf1 Rxe1+ 36. Kxe1 Ra1+ 37. Kd2 Ra2+ 38. Ke3 Ra3+ 39. Ke4 Ra4+ 40. Kd5 c6+ 41. Kd6 Rd4+ 42. Kc7 Kg8 43. Rd7 Rd5 44. e6 Rxc5 45. e7 Re5 46. Kd8 c5 47. e8Q+ Rxe8+ 48. Kxe8 b6 49. Ke7 c4 50. Kf6 h6 51. Kxg6 Kf8 52. Kf6 Kg8 53. Rb7 c3 54. Rxb6 c2 55. Rc6 Kh7 56. Rc7+ Kg8 57. Rxc2 h5 58. Rc7 Kh8 59. Kg6 1-0

[Event "RUS-ch Silent (Women)"]
[Site "Zelenograd"]
[Date "2015.06.06"]
[Round "7"]
[White "Malina, Olga"]
[Black "Panina, Valeria"]
[Result "1-0"]
[WhiteElo "1758"]
[BlackElo "1575"]
[PlyCount "73"]
[EventDate "2015.06.02"]
[EventType "tourn"]
[EventRounds "13"]
[EventCountry "RUS"]
[SourceTitle "EXT 2018"]
[Source "ChessBase"]
[SourceDate "2017.10.13"]
[SourceVersion "1"]
[SourceVersionDate "2017.10.13"]
[SourceQuality "1"]

1. e4 c5 2. Nf3 e6 3. Bc4 a6 4. a4 d5 5. exd5 exd5 6. Ba2 Bf5 7. 0-0 Be7 8. d3 Nc6 9. Bd2 Nf6 10. Bg5 0-0 11. Re1 Bg4 12. h3 Bh5 13. g4 Bg6 14. Nc3 Nb4 15. Bb3 h6 16. Bh4 Rc8 17. Ne5 Kh7 18. f4 Kh8 19. f5 Bh7 20. Qf3 c4 21. dxc4 dxc4 22. Rad1 Qc7 23. Nxc4 Bc5+ 24. Bf2 Nxc2 25. Bxc2 Bxf2+ 26. Kxf2 Qxc4 27. Qxb7 Rb8 28. Qe7 Rfe8 29. Qd6 Red8 30. Qg3 Rxd1 31. Qxb8+ Bg8 32. Rxd1 Qc5+ 33. Kf3 Qc6+ 34. Be4 Nxe4 35. Nxe4 Qxa4 36. Rd8 Qxe4+ 37. Kxe4 1-0

[Event "RUS-ch Silent (Women)"]
[Site "Zelenograd"]
[Date "2015.06.03"]
[Round "3"]
[White "Panina, Valeria"]
[Black "Balakhieva, Klavdia"]
[Result "1-0"]
[WhiteElo "1575"]
[BlackElo "1588"]
[PlyCount "91"]
[EventDate "2015.06.02"]
[EventType "tourn"]
[EventRounds "13"]
[EventCountry "RUS"]
[SourceTitle "EXT 2018"]
[Source "ChessBase"]
[SourceDate "2017.10.13"]
[SourceVersion "1"]
[SourceVersionDate "2017.10.13"]
[SourceQuality "1"]

1. e4 e5 2. Nf3 Nc6 3. Bc4 Nf6 4. Nc3 Bc5 5. 0-0 d6 6. d3 Bg4 7. h3 Bxf3 8. Qxf3 Nd4 9. Qd1 h6 10. Be3 g5 11. Ne2 Nxe2+ 12. Qxe2 Bxe3 13. fxe3 h5 14. Qf3 Rh6 15. d4 g4 16. hxg4 hxg4 17. Qf5 exd4 18. exd4 c5 19. dxc5 Rc8 20. b4 dxc5 21. Rad1 Qc7 22. Bxf7+ Kf8 23. e5 cxb4 24. Bg6 Qb6+ 25. Rf2 Rc6 26. g3 Qe3 27. Kg2 Rh3 28. Qf4 Rxg3+ 29. Qxg3 Qxg3+ 30. Kxg3 Rc3+ 31. Kg2 Kg7 32. exf6+ Kxg6 33. Rd3 Rc5 34. f7 Rc8 35. f8Q Rxf8 36. Rxf8 b6 37. Rg3 Kg5 38. Rd3 Kg6 39. Rd7 a5 40. Kg3 Kg5 41. Rg7+ Kh6 42. Rxg4 Kh7 43. Kh4 a4 44. Kh3 b3 45. Rf5 bxa2 46. Rh5# 1-0

[Event "RUS-ch Silent (Women)"]
[Site "Zelenograd"]
[Date "2015.06.03"]
[Round "2"]
[White "Trifonova, Irina"]
[Black "Panina, Valeria"]
[Result "0-1"]
[WhiteElo "1462"]
[BlackElo "1575"]
[PlyCount "48"]
[EventDate "2015.06.02"]
[EventType "tourn"]
[EventRounds "13"]
[EventCountry "RUS"]
[SourceTitle "EXT 2018"]
[Source "ChessBase"]
[SourceDate "2017.10.13"]
[SourceVersion "1"]
[SourceVersionDate "2017.10.13"]
[SourceQuality "1"]

1. d4 d5 2. Bf4 Nc6 3. Nf3 Bf5 4. c3 Nf6 5. e3 e6 6. Nbd2 Bd6 7. Ne5 Bxe5 8. dxe5 Ng4 9. Nf3 f6 10. Bb5 0-0 11. Bxc6 bxc6 12. h3 Nxe5 13. Nxe5 fxe5 14. Bxe5 Qg5 15. Bg3 Be4 16. 0-0 h5 17. h4 Qg6 18. Kh2 Rab8 19. Qd2 Rb7 20. Rg1 Qf7 21. Raf1 Rfb8 22. Rb1 Bxb1 23. Rxb1 Qf5 24. Qc1 e5 0-1

[Event "RUS-ch Silent (Women)"]
[Site "Zelenograd"]
[Date "2015.06.02"]
[Round "1"]
[White "Panina, Valeria"]
[Black "Lagutina, Olga"]
[Result "0-1"]
[WhiteElo "1575"]
[BlackElo "1937"]
[PlyCount "86"]
[EventDate "2015.06.02"]
[EventType "tourn"]
[EventRounds "13"]
[EventCountry "RUS"]
[SourceTitle "EXT 2018"]
[Source "ChessBase"]
[SourceDate "2017.10.13"]
[SourceVersion "1"]
[SourceVersionDate "2017.10.13"]
[SourceQuality "1"]

1. e4 c5 2. Nf3 d6 3. Bc4 e6 4. Nc3 Nc6 5. d4 cxd4 6. Nxd4 Nf6 7. 0-0 Be7 8. Be3 0-0 9. f4 e5 10. Nxc6 bxc6 11. fxe5 dxe5 12. a3 Qc7 13. Qe1 Ng4 14. Qg3 Nxe3 15. Qxe3 Qb6 16. Qxb6 axb6 17. Rad1 Bc5+ 18. Kh1 Bd4 19. Rd3 Ra7 20. Rdf3 Bg4 21. Rg3 Bh5 22. Rf5 Bg6 23. Rfg5 Kh8 24. h4 f6 25. Rxg6 hxg6 26. Rxg6 Bxc3 27. bxc3 Rxa3 28. Bb3 Ra1+ 29. Kh2 Rf1 30. Rg4 Rf4 31. Kh3 Rxg4 32. Kxg4 Kh7 33. Kf5 Re8 34. h5 Kh6 35. g4 Rd8 36. Ke6 Rd2 37. Ba4 b5 38. Bb3 c5 39. c4 bxc4 40. Bxc4 Rxc2 41. Bd3 Rd2 42. Bc4 Rd4 43. Bd5 c4 0-1